Wage and labor supply effects of illness in côte d'ivoire and Ghana instrumental variable estimates for dazs disabled

Gespeichert in:
Bibliographische Detailangaben
1. Verfasser: Schultz, T. Paul
Format: Buch
Sprache:Englisch
Veröffentlicht: New Haven Yale University Press 1998
Schriftenreihe:Center Paper No. 532
Schlagworte:
Tags: Tag hinzufügen
Keine Tags, Fügen Sie das erste Tag hinzu!

MARC

LEADER 00000nam a2200000 4500
001 c109881
005 20221221083915.6
041 0 |a eng 
044 |a US 
245 1 0 |a Wage and labor supply effects of illness in côte d'ivoire and Ghana  |b instrumental variable estimates for dazs disabled  |c T. Paul Schultz 
264 1 |a New Haven  |b Yale University Press  |c 1998 
300 |a S.251-286 
490 1 |a Center Paper  |v No. 532 
830 0 |a Center Paper  |v No. 532 
610 2 0 |a sily pracovné 
610 2 0 |a ponuka práce 
610 2 0 |a Ghana 
610 2 0 |a mzdy 
610 2 0 |a invalidi 
610 2 0 |a chorobnosť 
610 2 0 |a Pobrežie Slonoviny 
100 1 |a Schultz, T. Paul